00371nam a2200121Ia 4500008004100000082001700041100002100058245003900079260004400118365000900162630003900171730003900210100415s9999 xx 000 0 und d b18212a634.9 aBARNES, BURTON V aForest Ecology: FOR REFERENCE ONLY aNEW YORKc1980bJOHN WILEY & SONS, INC. b1317 aForest Ecology: FOR REFERENCE ONLY aForest Ecology: FOR REFERENCE ONLY